Golden Globe Winners for Best Actress in a TV Series - Drama - Statistics

General Stats
  • This quiz has been taken 47 times
  • The average score is 23 of 57
Answer Stats
Year Program Actor % Correct
1991 Murder, She Wrote Angela Lansbury
84%
1989 Murder, She Wrote Angela Lansbury
84%
1986 Murder, She Wrote Angela Lansbury
84%
1984 Murder, She Wrote Angela Lansbury
84%
2022 Euphoria Zendaya
84%
2019 The Crown Olivia Colman
81%
1996 The X-Files Gillian Anderson
76%
2018 Killing Eve Sandra Oh
73%
2012 Homeland Claire Danes
70%
2011 Homeland Claire Danes
70%
1994 My So-Called Life Claire Danes
70%
2016 The Crown Claire Foy
68%
2013 House of Cards Robin Wright
68%
2002 The Sopranos Edie Falco
62%
1999 The Sopranos Edie Falco
62%
1982 Dynasty Joan Collins
62%
2008 True Blood Anna Paquin
59%
2007 Damages Glenn Close
59%
2001 Alias Jennifer Garner
57%
2004 Law and Order: Special Victims Unit Mariska Hargitay
57%
2015 Empire Taraji P. Henson
54%
2017 The Handmaid's Tale Elisabeth Moss
51%
2009 The Good Wife Julianna Margulies
51%
2023 Succession Sarah Snook
51%
2005 Commander in Chief Geena Davis
43%
1995 Dr. Quinn, Medicine Woman Jane Seymour
41%
2010 Sons of Anarchy Katey Sagal
41%
2006 The Closer Kyra Sedgwick
38%
1998 Felicity Keri Russell
35%
1987 L.A. Law Susan Dey
35%
2020 The Crown Emma Corrin
32%
1990 The Trials of Rosie O'Neill Sharon Gless
30%
1985 Cagney & Lacey Sharon Gless
30%
1981 Dallas Barbara Bel Geddes
27%
1983 Falcon Crest Jane Wyman
27%
1981 Dynasty Linda Evans
27%
2014 The Affair Ruth Wilson
27%
1997 Chicago Hope Christine Lahti
24%
2000 Once and Again Sela Ward
24%
1974 Police Woman Angie Dickinson
22%
1993 Picket Fences Kathy Baker
22%
1990 Thirtysomething Patricia Wettig
22%
2021 Pose Michaela Jaé Rodriguez
19%
2003 Six Feet Under Frances Conroy
16%
1988 L.A. Law Jill Eikenberry
16%
1979 From Here to Eternity Natalie Wood
16%
1978 Holocaust Rosemary Harris
16%
1970 The Mod Squad Peggy Lipton
14%
1992 I'll Fly Away Regina Taylor
14%
1971 The Homecoming: A Christmas Story Patricia Neal
11%
1972 Mannix Gail Fisher
8%
1975 Jennie: Lady Randolph Churchill Lee Remick
8%
1973 The Blue Knight Lee Remick
8%
1977 79 Park Avenue Lesley Ann Warren
8%
1969 The High Chaparral Linda Cristal
8%
1976 Rich Man, Poor Man Susan Blakely
8%
1980 Shōgun Yoko Shimada
8%
No matching quizzes found
Score Distribution
Percent of People with Each Score
Percentile by Number Answered
Your Score History
You have not taken this quiz